000 005610000a22002170004500
003 LK-CoMWRAF
005 20240212160738.0
008 230817t2004 ||||| |||| 00| 0 eng d
020 _a8880292390
040 _aLK-CoMWRAF
_dLK-CoMWRAF
_eLK-CoMWRAF
041 _aeng
082 _a915.493
_bSRI
245 _aSri Lanka
250 _aEnglish edition
260 _aFlorence:
_bBonechi,
_c2004
300 _a127 p., ill, map included
650 _aDescription and travel-Sri Lanka
650 _aHeritage-Sri Lanka
700 _aGunaratna, Rohan
942 _cBK
999 _c738
_d738